000 00656cam a22002172 4500
001 0000020526
005 20151217152216.0
008 110921s xx 000 0 eng d
020 _a0853698364
040 _aKABU
_cKABU
100 1 _aDonnelly, Ryan F.
_@0000180871
245 1 0 _aMCQs in pharmaceutical calculations /
_cRyan F. Donnelly, Johanne Barry.
250 _a 1st ed.
260 _aLondon :
_bPhP,
_c2009.
300 _axxix, 337 p.
650 0 _aPharmacy
_xProblems, exercises,etc.
_@0000180869
700 1 _aBarry, Johanne.
_@0000180872
852 1 _9p3250 KES
908 _a110921
950 _@1
999 _c9383
_d9383